LEADER 01288nam0-22003971--450 001 990000689060403321 005 20230601111517.0 035 $a000068906 035 $aFED01000068906 035 $a(Aleph)000068906FED01 100 $a20020821d1978----km-u0itay50------ba 101 0 $aita 102 $aIT 105 $ay-------001yy 200 1 $a<>territorio$eurbanistica, edilizia residenziale pubblica, tutela dell'ambiente negli adempimenti previsti dal D.P.R. n. 616/77 attuativo della legge 382$fGiancarlo Cocco ... [et al.]$gprefazione di Alberto Predieri 210 $aRoma$cEdizioni delle Autonomie$d1978 215 $a165 p.$d21 cm 225 1 $aIstituzioni e programmazione$v3 610 0 $aRegioni - Funzioni amministrative - Legislazione 676 $a333.7$v12 rid.$zita 702 1$aCocco,$bGian Carlo 702 1$aPredieri,$bAlberto$f<1921-2001> 801 0$aIT$bUNINA$gRICA$2UNIMARC 901 $aBK 912 $a990000689060403321 952 $aVI D 374$b3530$fDDA 952 $a01 K 5021$b4593$fDINST 952 $aMTD 18$bMTD 2150/288$fDARPU 952 $aCAN 28$bs.i.$fDINST 952 $aFT PUB 20$b14979$fDECBC 959 $aDINST 959 $aDDA 959 $aDARPU 959 $aDECBC 996 $aTerritorio$9324559 997 $aUNINA LEADER 01419nam 2200277la 450 001 9910481556103321 005 20230503103146.0 035 $a(UK-CbPIL)2090313991 035 $a(CKB)5500000000106954 035 $a(EXLCZ)995500000000106954 100 $a20230503d1544 uy | 101 0 $alat 135 $aurcn||||a|bb| 200 10$aVrbis Romæ topographia nuper ab ipso auctore nonnullis erroribus sublatis emendata, addita etiam interpretatione nominum, quæ unica litera, vel syllaba in antiquis titulus scripta inueniuntur. Cui etiam ab eodem adiectæ sunt quam breuissimæ obseruationes de prænomine, nomine, & cognomine. .. 210 $aItaly $c[s.n.]$d1544 215 $aOnline resource ([12], 122, [2] p., fol) 300 $aReproduction of original in Biblioteca Nazionale Centrale di Firenze. 700 $aMarliani$b Bartolomeo$f1560.$0717140 701 $aPalatino$b Giovanni Battista$factive 16th century.$0993915 701 $aDorico$b Valerio$f1565 .$01892683 801 0$bUk-CbPIL 801 1$bUk-CbPIL 906 $aBOOK 912 $a9910481556103321 996 $aVrbis Romæ topographia nuper ab ipso auctore nonnullis erroribus sublatis emendata, addita etiam interpretatione nominum, quæ unica litera, vel syllaba in antiquis titulus scripta inueniuntur. Cui etiam ab eodem adiectæ sunt quam breuissimæ obseruationes de prænomine, nomine, & cognomine. .$94539227 997 $aUNINA